000 00360nam a2200145Ia 4500
008 230917s9999||||xx |||||||||||||| ||und||
040 _e42446
_aMAIN
041 _aEnglish
082 _a823.7 D555C:C
100 _aCollins, Philip
245 0 _aCharles Dickens: David Copperfield
260 _aLondon
_bEdward-Arnold
_c1977
300 _a63 p.
942 _cBK
999 _c196866
_d196866